000 00553nam a2200181Ia 4500
008 100921s9999 xx 000 0 und d
082 _b78
_a891.463 थ 0
100 _a---
245 _aमाझा कुणा म्हणू मी.
260 _b---
_c0
300 _a140
_b---
365 _b0
520 _aललित-कादंबरी.
630 _aमाझा कुणा म्हणू मी.
650 _aललित-कादंबरी.
730 _aमाझा कुणा म्हणू मी.
942 _cBOOK
999 _c749191
_d749188